Responses for Show #4773 - Wednesday, May 11, 2005

2005 Ultimate Tournament of Champions Round 3, game 3.

Contestants

[<< previous game]

Frank Spangenberg, a police lieutenant from Douglaston, New York

Grace Veach, a librarian from Lakeland, Florida

Shane Whitlock, a resident physician from Little Rock, Arkansas

[next game >>]

Jeopardy! Round responses

PRESIDENTS
'70s SITCOMS
VERB FIRST NAMES
50 WAYS TO LEAVE YOUR LOVER
(Alex: We'll deal with only 5 of them, and you have to identify the person who's doing the leaving.)
PLAYBOY
I READ THE ARTICLES, TOO
    $200 2
[Frank answers in a NYC accent]
(Alex: Right! [NYC accent])

New York

Frank
    $200 1
Sally Field

Grace
    $200 13
Lance

Frank
    $200 8
Henry VIII

Grace
    $200 21
Marilyn Monroe

Frank
    $200 23
alligators

Frank
    $400 3
(Grace: Who is Monroe?)

Madison

ShaneGrace
    $400 7
Chico and the Man

Grace
    $400 14
Don

Grace
    $400 9
Ivan the Terrible

Grace
    $400 22
Chicago

Grace
    $400 24
Yosemite

Frank
    $600 4
Taft

Shane
    $600 16
The Jeffersons

Shane
    $600 15
Brook

Triple Stumper
    $600 10
Nelson Mandela

Shane
    $600 28
Carter

Grace
    $600 25
satellites

Shane
    $1,000 5
(Alex: Well, we found it early. You have $1000 and you can risk any or all of it.)
(Shane: I'll wager all of it.)
...
(Alex: [*] is right. The summer of 1876.)

Grant

Shane
    $800 17
Taxi

Frank
    $800 18
Jimmy

Frank
    $800 11
Margaret Mead

Grace
    $800 29
Christie (Hefner)

Grace
    $800 26
Houdini

Frank
    $1000 6
Pierce

Shane
    $1000 20
(Danny) Thomas

Shane
    $1000 19
(Shane: Oh... um... [runs out of time] What's [*]?
(Alex: Oh, too long.)

Ford

ShaneGrace
    $1000 12
(Salman) Rushdie

Frank
    $1000 30
(Alex: Knew that, good for you.)

Entertainment for Men

Frank
    $1000 27
the Bank of England

Frank

Scores at the first commercial break (after clue 15):

Shane Grace Frank
$3,600 $2,000 $1,400

Scores at the end of the Jeopardy! Round:

Shane Grace Frank
$4,800 $4,800 $6,600

Double Jeopardy! Round responses

PAINTERS
WOMEN IN SPORTS
(Alex: We're featuring CNN all week; this time...)
CNN 25: SCIENCE & TECHNOLOGY
ALSO A MUSICAL INSTRUMENT
BOBBING FOR POETS
"N" THE BEGINNING
    $400 1
Seurat

Shane
    $400 22
Martina Navratilova

Frank
    $400 21
(Shane: What is acyclovir?)

AZT

ShaneGrace
    $400 6
an organ

Shane
    $400 11
Bobby Burns

Frank
    $400 16
Niagara Falls

Shane
    $800 2
Van Gogh

Frank
    $800 27
Blair

Shane
    $800 23
(Frank: What is... Hong Kong flu?)

the avian flu

ShaneFrank
    $5,600 7
(Shane: Who... is... [*]?)
(Alex: Is that a guess?)
(Shane: Yes.)
(Alex: You're right.)

Calliope

Shane
    $800 12
Browning

Shane
    $800 17
nudism

Grace
    $1200 3
(Frank: Who is Renoir?)

Claude Monet

Frank
Triple Stumper
    $1200 28
(Lisa) Leslie

Shane
    $1200 24
the Biosphere

Grace
    $1200 8
bongos

Frank
    $1200 13
Robert Frost

Frank
    $1200 18
Napa

Grace
    $3,000 4
(Paul) Klee

Frank
    $1600 29
boxing

Triple Stumper
    $1600 25
the Y2K bug

Shane
    $1600 9
Piano

Triple Stumper
    $1600 14
while ye may

Grace
    $1600 19
Norway

Frank
    $2000 5
Bruegel

Frank
    $2000 30
(Alex: Hey! Way to go! You got it.)

Julie Krone

Grace
    $2000 26
Dr. William DeVries

Triple Stumper
    $2000 10
Flute

Triple Stumper
    $2000 15
(Robert Penn) Warren

Shane
    $2000 20
(Grace: What is...?)

ne plus ultra

GraceFrank

Scores at the end of the Double Jeopardy! Round:

Shane Grace Frank
$18,400 $10,000 $17,200

[wagering suggestions for these scores]

Final Jeopardy! Round responses

FAMOUS PAIRS
(Alex: Frank wrote his response down quickly, Grace was very serious, and Shane was a little puzzled by this.)
[ZergCam]
GraceWhat are ?
$10,000
FrankWhat are Tweedledee & Tweedeledum?
$17,199
ShaneWhat are Tit and Tat
$16,001
Tweedledum & Tweedledee

Final scores:

Shane Grace Frank
$2,399 $0 $34,399
2nd place: $15,000 3rd place: $15,000 Winner: $34,399 + an advance to UToC Round 4

Game dynamics:

Coryat scores:

Shane Grace Frank
$13,400 $10,000 $15,800
18 R
(including 2 DDs),
2 W
16 R,
2 W
20 R
(including 1 DD),
2 W

Combined Coryat: $39,200

[game clues] [game scores] [suggest correction]

Game tape date: 2005-04-13
The J! Archive is created by fans, for fans. Scraping, republication, monetization, and malicious use prohibited; this site may use cookies and collect identifying information. See terms. The Jeopardy! game show and all elements thereof, including but not limited to copyright and trademark thereto, are the property of Jeopardy Productions, Inc. and are protected under law. This website is not affiliated with, sponsored by, or operated by Jeopardy Productions, Inc. Join the discussion at JBoard.tv.